Jeux de Nintendos Switchs par image - Statistiques

Statistiques générales
  • Ce quiz a été pris 1 151 fois
  • Le résultat moyen est 12 sur 16
Statistiques - réponses
Par images Réponse % Correct
Mario Kart Deluxe
99%
Minecraft
98%
Fifa 23
97%
Just Dance
96%
Zelda
91%
Fortnite
90%
Splatoon
89%
Kirby
84%
Fall Guys
79%
Mario Party
79%
Super Smash Bros
77%
Metroid
56%
Hello Neighbor
55%
Mario Bros Deluxe
47%
Ring Fit Aventure
44%
Lego DC
35%
Aucun quiz correspondant
Distribution des résultats
% des personnes avec chaque résultat
Percentile par nombre de réponses
Votre historique - résultats
Vous n’avez pas pris ce quiz